000
00219 a2200097 4500
001
37412
100
_a
Subramanian R
245
_a
Rural Development
260
_a
New Delhi
_b
Yatan Publishers
_c
090
_c
23880
_d
23880
942
_a
NUST-CAE
_c
M
_c
15425
999
_c
272485
_d
272485